LEADER 01407nam 2200349 n 450 001 996391179603316 005 20221108051809.0 035 $a(CKB)4940000000106968 035 $a(EEBO)2240884185 035 $a(UnM)99860877 035 $a(EXLCZ)994940000000106968 100 $a19911203d1645 uy | 101 0 $aeng 135 $aurbn||||a|bb| 200 12$aA sermon preached before the Right Honourable House of Lords, in the Abbey-Church at Westminster, Wednesday the 28. of May 1645$b[electronic resource] $eBeing the day appointed for solemne and publick humiliation. /$fBy Alexander Henderson, minister at Edenburgh 210 $aLondon, $cPrinted by F.N. for Robert Bostock, dwelling in Pauls Church-yard at the signe of the Kings-head.$d1645 215 $a[8], 31, [1] p 300 $aReproduction of the original in the British Library. 330 $aeebo-0018 606 $aSermons, English$y17th century 606 $aFast-day sermons$y17th century 615 0$aSermons, English 615 0$aFast-day sermons 700 $aHenderson$b Alexander$f1583?-1646.$01003757 801 0$bCu-RivES 801 1$bCu-RivES 801 2$bCStRLIN 801 2$bWaOLN 906 $aBOOK 912 $a996391179603316 996 $aA sermon preached before the Right Honourable House of Lords, in the Abbey-Church at Westminster, Wednesday the 28. of May 1645$92395244 997 $aUNISA